| 000 | 01293nam a2200265Ia 4500 | ||
|---|---|---|---|
| 999 |
_c39816 _d39816 |
||
| 001 | 6421 | ||
| 003 | GE_BSU | ||
| 005 | 20191114155113.0 | ||
| 008 | 181216s2009||||ge |||||||||||||| ||geo|| | ||
| 020 | _a9789941131035 | ||
| 040 | _cGE_BSU | ||
| 041 | _ageo | ||
| 080 | _a330.8 თ-68 | ||
| 100 |
_aთოდუა, გრიგოლ _9878 |
||
| 245 |
_aეკონომიკურ მოძღვრებათა ისტორია. ნაწ. 2 / _cგრიგოლ თოდუა ; [რედ. ავთანდილ სილაგაძე]. |
||
| 264 |
_aთბილისი : _bთბილისის სახ. უნ-ტი, _c2009. |
||
| 300 |
_a414 გვ. ; _b20 სმ. |
||
| 653 | _aეკონომიკა | ||
| 653 | _aეკონომიკის ისტორია | ||
| 653 | _aეკონომიკურ მოძღვრებათა ისტორია | ||
| 653 | _aსახელმძღვანელო | ||
| 700 |
_aსილაგაძე, ავთანდილ _eრედაქტორი _95347 |
||
| 710 |
_aივანე ჯავახიშვილის სახელობის თბილისის სახელმწიფო უნივერსიტეტი. _95348 |
||
| 942 |
_cBK _2udc |
||